Banderas de Países que Comienzan con I - Estadísticas

Estadísticas generales
  • Esta prueba ha sido intentada 11.982 veces
  • La puntuación promedio es 9 de 10
Estadísticas de respuestas
Imagen Respuesta % Correcto
Italia
100%
Irlanda
98%
India
97%
Israel
97%
Irán
96%
Islandia
94%
Irak
93%
Indonesia
91%
Islas Marshall
73%
Islas Salomón
70%
No se encontraron pruebas coincidentes
Distribución de puntuación
Porcentaje de gente con cada puntuación
Porcentaje por número respondido
Historial de tus puntuaciones
No has intentado esta prueba.